00900nam a2200217 a 450000100100000000500170001000800410002704000250006808200210009310000280011424500450014226000610018730000400024850000540028850000340034250400730037665000600044965100600050965100560056965100570062500000230820240229073953.0090701s1991 dr r 000 0 spa d aDO-SdBNPbspacBNPHU a972.93054bV422e1 aVega, Bernardo,d1938 -16aEn la década perdida /cBernardo Vega. aSanto Domingo :bFundación Cultural Dominicana,c1991. aiv, 403 p. :bil., retrs. ;c23 cm. a"Ponencias, conferencias y artículos 1984-1990" aIncluye índice onomástico aIncluye referencias bibliográficas y notas al pie de las páginas 4aInmigrantesxRepública dominicanaxHistoriaySIGLO XX 4aRepública DominicanaxCondiciones Económicasy1961- 4aRepública DominicanaxCondiciones Socialesy1961- 4aRepública DominicanaxPolítica Y Gobiernoy1961-